Southville International School and Colleges
Your cart is empty.
  • Cart
  • Lists
    Public lists Eva Luna New books Lux_list list_1
    Your lists Log in to create your own lists
  • Log in to your account
  • Your cookies
  • Search history
Southville International School and Colleges
  • Advanced search
  • Recent comments
  • Most popular
  • Libraries

Log in to your account

Log in with GOOGLE


If you do not have an external account, but do have a local account, you can still log in:

  1. Home
  2. MARC view: Clinical research :
Normal view MARC view ISBD view

Clinical research : (Record no. 20819)

[ view plain ]
MARC details
000 -LEADER
fixed length control field 00680nam a2200205 a 4500
005 - DATE AND TIME OF LATEST TRANSACTION
control field 20140310183254.0
008 - FIXED-LENGTH DATA ELEMENTS--GENERAL INFORMATION
fixed length control field 041020s19uu xx 00 eng d
050 ## - LIBRARY OF CONGRESS CALL NUMBER
Classification number RT 81.5
Item number .St86 2004
100 ## - MAIN ENTRY--PERSONAL NAME
Personal name Stommel, Manfred
245 ## - TITLE STATEMENT
Title Clinical research :
Remainder of title concepts and principles for advanced practice nurses /
Statement of responsibility, etc Manfred Stommel.
260 ## - PUBLICATION, DISTRIBUTION, ETC. (IMPRINT)
Place of publication, distribution, etc United States,
Name of publisher, distributor, etc Lippincott Williams & Wilkins,
Date of publication, distribution, etc 2004.
300 ## - PHYSICAL DESCRIPTION
Extent 462 p. :
Dimensions 23 cm.
650 ## - SUBJECT ADDED ENTRY--TOPICAL TERM
Topical term or geographic name as entry element Nursing
General subdivision Research
-- Methodology.
650 ## - SUBJECT ADDED ENTRY--TOPICAL TERM
Topical term or geographic name as entry element Qualitative research.
650 ## - SUBJECT ADDED ENTRY--TOPICAL TERM
Topical term or geographic name as entry element Research Design.
650 ## - SUBJECT ADDED ENTRY--TOPICAL TERM
Topical term or geographic name as entry element Clinical medicine
General subdivision Research
-- Methodology.
700 ## - ADDED ENTRY--PERSONAL NAME
Personal name Wills, Celia E.
942 ## - ADDED ENTRY ELEMENTS (KOHA)
Koha item type Books
Source of classification or shelving scheme Library of Congress Classification
Call number prefix Foreign
Holdings
Withdrawn status Lost status Source of classification or shelving scheme Damaged status Home library Current library Shelving location Date acquired Total Checkouts Full call number Barcode Date last seen Copy number Price effective from Koha item type
    Library of Congress Classification   College Library College Library General Circulation Section 02/19/2010   RT 81.5 .St86 2004 C5408 05/15/2018 1 03/10/2014 Books

Clinical research :

APA

Stommel M., Wills C. E., . (2004). Clinical research. United States: Lippincott Williams & Wilkins.

Chicago

Stommel Manfred, Wills Celia E, . 2004. Clinical research. United States: Lippincott Williams & Wilkins.

Harvard

Stommel M., Wills C. E., . (2004). Clinical research. United States: Lippincott Williams & Wilkins.

MLA

Stommel Manfred, Wills Celia E, . Clinical research. United States: Lippincott Williams & Wilkins. 2004.

  • Place hold
  • Print
  • Cite
  • Add to your cart (remove)
  • Save record
    BIBTEX Dublin Core MARCXML MARC (non-Unicode/MARC-8) MARC (Unicode/UTF-8) MARC (Unicode/UTF-8, Standard) MODS (XML) RIS
  • More searches
    Search for this title in:
    Other Libraries (WorldCat) Other Databases (Google Scholar) Online Stores (Bookfinder.com) Open Library (openlibrary.org)

Exporting to Dublin Core...

SOUTHVILLE LIBRARY

Southville International School and Colleges Library

1281 Tropical Ave. Cor. Luxembourg St., BF Homes International, Las Pinas City

Tel. No. 8256374 / 252358 Loc. 117/146

Powered by Koha